El problema del acueducto de La Romana / (Registro nro. 30676)
[ vista simple ]
| 000 -CABECERA | |
|---|---|
| campo de control de longitud fija | 00470nam a2200145 a 4500 |
| 001 - NÚMERO DE CONTROL | |
| campo de control | 000031184 |
| 005 - FECHA Y HORA DE LA ÚLTIMA TRANSACCIÓN | |
| campo de control | 20200930062746.0 |
| 008 - DATOS DE LONGITUD FIJA--INFORMACIÓN GENERAL | |
| campo de control de longitud fija | 110614s1924 dr 000 0 spa d |
| 040 ## - FUENTE DE LA CATALOGACIÓN | |
| Centro catalogador/agencia de origen | DO-SdBNP |
| Lengua de catalogación | spa |
| Centro/agencia transcriptor | BNPHU |
| 049 ## - FONDOS LOCALES (OCLC) | |
| Fondos de biblioteca | BNPD |
| 100 1# - ENTRADA PRINCIPAL--NOMBRE DE PERSONA | |
| Nombre de persona | Pensón, A. Maireni |
| 9 (RLIN) | 57659 |
| 245 13 - MENCIÓN DE TÍTULO | |
| Título | El problema del acueducto de La Romana / |
| Mención de responsabilidad, etc. | A. Maireni Pensón. |
| 260 ## - PUBLICACIÓN, DISTRIBUCIÓN, ETC. | |
| Lugar de publicación, distribución, etc. | La Romana, República Dominicana : |
| Nombre del editor, distribuidor, etc. | Imprenta Romana, |
| Fecha de publicación, distribución, etc. | 1924. |
| 300 ## - DESCRIPCIÓN FÍSICA | |
| Extensión | 1v. con varias paginaciones 0 ; |
| Dimensiones | 22 cm. |
| Estado de retiro | Estado de pérdida | No para préstamo | Código de colección | Localización permanente | Ubicación/localización actual | Ubicación en estantería | Fecha de adquisición | Número de inventario | Total de préstamos | Signatura topográfica completa | Código de barras | Fecha visto por última vez | Precio válido a partir de | Tipo de ítem Koha | Nota pública |
|---|---|---|---|---|---|---|---|---|---|---|---|---|---|---|---|
| Excluido de préstamo | Patrimonio Dominicano | Patrimonio Dominicano | Patrimonio Dominicano | En catalogación | 14.06.2011 | LF1 | 31184-10 | 25.06.2020 | 25.06.2020 | Libro y Folleto Colección Patrimonio Dominicano | Perteneció a la biblioteca personal de Carlos Larrazábal Blanco. |
